000 00756nam a2200229 i 4500
001 13286
003 ES-MaACL
005 20230906150536.0
007 t|
008 980122s1997 sp ||||1| spa d
020 _a84-7978-308-7
080 _a364.444:616-053.2
080 _a616-053.2:364.444
245 0 0 _aNiños maltratados /
_cJuan Casado Flores, José A. Díaz Huertas, Carmen Martínez González (directores).
260 _aMadrid :
_bDíaz de Santos,
_c[1997]
300 _aXIX, 372 p. :
_bil. ;
_c26 cm.
650 1 4 _aNiños maltratados-
_xAsistencia sanitaria.
_915565
700 1 _aCasado Flores, Juan.
_936017
700 1 _aDíaz Huertas, José A.
_944310
700 1 _aMartínez González, Carmen.
_978132
852 _aES-MaACL
_jL-20635
999 _c13286
_d13286